Письма Петряева Александра Михайловича - консул в Битоли (Турция) Шиллингу М. Ф.

Доступно только в Электронных читальных залах Найти на картеНа карте
RUSMARC
00003949nac2a22002653x 450
00163f89cd8-60a5-4031-84b4-69c4ebb63b23
00520211214200023.0
100##$a20211122l19131914k y0rusy50 ca
1010#$arus
102##$aRU
105##$ay z |||e|
1222#$ad19130828
$ad19140413
2001#$aПисьма Петряева Александра Михайловича - консул в Битоли (Турция) Шиллингу М. Ф.
$j28 августа 1913 - 13 апреля 1914
215##$a8 листов
251##$cДело
300##$aЛисты: 1, 5 - конверт
300##$aРукописный текст
330##$aВходит в раздел описи: 3. Документы о научной и литературной деятельности барона Шиллинга М. Ф.. Письма разных лиц Шиллингу М. Ф.
461#0$1001ff9fc58f-089b-437b-980d-902343bc59d8
$12001
$aШиллинг Маврикий Фабианович, барон, секретарь русского посольства в Вене
$1251
$cФонд
$1852
$j813
462#0$1001665c067c-d934-4316-b9df-5bf0ad49190b
$12001
$aДела постоянного хранения. 1817-1917
$vД. 373
$1251
$cОпись
$1852
$j1
600#1$aШиллинг
$bМ. Ф.
$cбарон
$gМаврикий Фабианович
600#1$aПетряев
$bА. М.
$gАлександр Михайлович
801#0$aRU
$bGA_RF
801#1$aRU
$bГлавНИВЦ
$c20211122
$2rusmarc
801#2$aRU
$bПБ им. Б.Н. Ельцина
$c20211214
$gRCR
$2rusmarc
852##$aГА РФ
$j373
937##$d171605966
$hГАРФ
035##$aRuPRLIB51061711
856##$uhttp://readingroom.main.prlib.ru/item.aspx?id_node=n171605966&mode=full
Формат отображения